• 首页
  • 本馆介绍
  • 公告通知
  • 最新文献
  • 馆藏检索
  • 电子资源
  • 读者导购
  • 参考咨询
  • 我的图书馆
  • 登录
  • 详细信息显示
  • 放入我的书架
  • 预约/预借图书
  • 作者相关作品
  • 分类相关作品
  • 丛书相关作品
  • 出版社相关作品

书目信息

  • 表格格式
  • 工作单格式
  • 卡片格式
题名:
人力资源管理与内部控制对企业绩效的影响
    
 
作者: 刘新华 著
分册:  
出版信息: 广州   广东旅游出版社  2018.6
页数: 327页
开本: 24cm
丛书名:
单 册:
中图分类: F272.5
科图分类:
主题词: 企业管理--qi ye guan li--人力资源管理--影响--企业绩效--研究 , 企业内部管理--qi ye nei bu guan li--影响--企业绩效--研究
电子资源:
ISBN: 978-7-5570-1318-9
000 01102nam0 2200241 450
001 2151102064
005 20211018173724.0
010    @a978-7-5570-1318-9@dCNY41.00
100    @a20200408d2018 em y0chiy50 ea
101 0  @achi
102    @aCN@b440000
105    @ay z 000yy
106    @ar
200 1  @a人力资源管理与内部控制对企业绩效的影响@Aren li zi yuan guan li yu nei bu kong zhi dui qi ye ji xiao de ying xiang@f刘新华著
210    @a广州@c广东旅游出版社@d2018.6
215    @a327页@d24cm
330    @a本书以马克思经济学价值理论、企业薪酬理论、内部控制原理等理论为指导,研究企业人力资源投入、内部控制与企业绩效之间的关系,并在检验人力资源投入与企业绩效关系的基础上,着重研究内部控制质量在人力资源投入与企业绩效关系中是否起到有效的调节作用,以期对企业在进行人力资源投入、内部控制的企业绩效改革中起到借鉴作用。
606 0  @a企业管理@Aqi ye guan li@x人力资源管理@x影响@x企业绩效@x研究
606 0  @a企业内部管理@Aqi ye nei bu guan li@x影响@x企业绩效@x研究
690    @aF272.5@v5
701  0 @a刘新华@Aliu xin hua@4著
801  0 @aCN@b百万庄@c20211016
905    @b1309764-67@dF272.5@e1839@f4
    
    人力资源管理与内部控制对企业绩效的影响/刘新华著.-广州:广东旅游出版社,2018.6
    327页;24cm
    
    
    ISBN 978-7-5570-1318-9:CNY41.00
    本书以马克思经济学价值理论、企业薪酬理论、内部控制原理等理论为指导,研究企业人力资源投入、内部控制与企业绩效之间的关系,并在检验人力资源投入与企业绩效关系的基础上,着重研究内部控制质量在人力资源投入与企业绩效关系中是否起到有效的调节作用,以期对企业在进行人力资源投入、内部控制的企业绩效改革中起到借鉴作用。
●
相关链接 在E读中查询图书 在五车中查询图书 在当当中查询图书 在豆瓣中查询图书


正题名:人力资源管理与内部控制对企业绩效的影响     索取号:F272.5/1839         预约/预借

序号 登录号 条形码 馆藏地/架位号 状态 备注
1 1309764   213097646   第一样本阅览室/ [索取号:F272.5/1839] 在馆    
2 1309765   213097655   第一借阅区/ [索取号:F272.5/1839] 在馆    
3 1309766   213097664   第一借阅区/ [索取号:F272.5/1839] 在馆    
4 1309767   213097673   第一借阅区/ [索取号:F272.5/1839] 在馆    
唐山师范学院图书馆 欢迎您!
大连网信软件有限公司© 版权所有